000 00813nam a22003137a 4500
001 BR9902453
003 BR-BrBNA
005 20230928100346.0
007 ta
008 230509b bl.||||| |||| 00| 0 por d
040 _aBR-BrBNA
_bpor
_cBiblioteca Nacional de Agricultura
041 _a(Por)
072 _aK10
_b3290
090 _ 3290 BR9902453
110 1 _aEmpresa Paranaense de Assistencia Tecnica e Extensao Rural, Curitiba, PR (Brasil)
245 1 _aPlantio da bracatinga
250 1 _a2. ed.
260 3 _aCuritiba, PR (Brasil):
_c1991.
300 _a18 p.
500 _a30 illus.
650 _aBracatinga
650 _aPlantio
650 _aSemente
650 _aErradicacao
650 _aGerminacao
650 _aEspacamento
909 _a202309
_bLucia
_c55
_dLucia Elande
942 _cBK
999 _c61045
_d61045